| 000 | 00437nam a2200157Ia 4500 | ||
|---|---|---|---|
| 008 | 131103s9999 xx 000 0 und d | ||
| 040 | _aLoreto College | ||
| 041 | _aEnglish | ||
| 082 |
_aTAG/891.443/TAG _bLCLIB/BnSem/1092 |
||
| 100 | _aTagore, Rabindranath | ||
| 245 |
_aChokher bali _cRabindranath Tagore |
||
| 260 |
_aCalcutta _bViswa Bharati Granthalay _c1958 |
||
| 300 |
_a319p _c 18cm |
||
| 650 | _aBengali Fiction | ||
| 942 | _cBK | ||
| 999 |
_c19971 _d70450 |
||